01229 2200181 4500001002100000005001500021035002000036245008500056100001200141250001700153300002800170260003900198082001000237084001600247020002200263600001000285520075200295INLIS00000000000084720250109121842 a0010-01250000201 aEnsiklopedia Ilmu Pengetahuan Populer :bSegala Sesuatu Tentang Flora /cSucipto0 aSucipto acetakan ke-1 a56 hlm :bIlus ;c21 cm aBekasi :bUranus Publishing,c2011 a580.3 a580.3 SUC e a978-602-863-717-6 4aflora aSEGALA SESUATU TENTANG FLORA Flora adalah sumber utama bagi terjadinya evolusi makhluk hidup di bumi. Flora memberikan Cukup oksigen pada planet Bumi agar binatang- binatang yang lebih kompleks dapat berkembang dan kehidupan dapat berlanjut. Flora mewarnai bumi dan membuatnya wangi, menjadi sumber ma- kanan bagi manusia dan binatang. Tak hanya itu, flora juga penting dalam berbagai bidang seperti pertanian dan pengobatan. Seri Segala Sesuatu Tentang Flora ini men- gajak kalian bertualang ke dalam dunia pengeta- huan dan menemukan hal-hal yang menakjubkan tentang flora yang ada di dunia. Buku ini akan memberikan jawaban atas pertanyaan kalian ten- tang flora yang ada di dunia. Selamat berpetualang di dunia flora yang menakjubkan!